| 000 | 01255cam a2200325 a 4500 | ||
|---|---|---|---|
| 001 | 000013872 | ||
| 003 | DO-SdBNP | ||
| 005 | 20260325134412.0 | ||
| 008 | 031215s2002 mx a b 001 0 spa | ||
| 020 | _a9682324068 | ||
| 035 | _a(OCoLC)ocm51817031 | ||
| 040 |
_aDO-SdBNP _cDLC _dDLC |
||
| 043 |
_acl----- _an-us--- |
||
| 049 | _aBNGR | ||
| 082 |
_a341.026 _bT626 |
||
| 245 | 0 | 0 |
_aDel TLC al MERCOSUR : _bintegración y diversidades en América Latina / _cVíctor López Villafañe ... [et al.] ; coordinadores Víctor López Villafañe, Jorge Rafael Di Masi. |
| 260 |
_aMéxico : _bSiglo Veintiuno editores, _c2002. |
||
| 300 |
_a324 p. : _bil. ; _c21 cm. |
||
| 490 | 1 | _aSociología y política | |
| 504 | _aIncluye referencias bibliográficas. | ||
| 650 | 4 |
_aTratados comerciales _zAmérica Latina _931419 |
|
| 651 | 4 |
_aAmérica Latina _xIntegración económica _928831 |
|
| 651 | 4 |
_aEstados Unidos _xIntegración económica _931420 |
|
| 700 | 1 |
_aLópez Villafañe, Víctor. _931421 |
|
| 700 | 1 |
_aDi Masi, Jorge Rafael. _931422 |
|
| 830 | 0 |
_aSociología y política ; _917789 |
|
| 856 | 4 | 2 |
_3Publisher description _uhttp://www.loc.gov/catdir/enhancements/fy0906/2003507312-d.html |
| 910 | _aCatalogación por copia / LC | ||
| 942 |
_2ddc _cLBS1 |
||
| 999 |
_c13478 _d13478 |
||